00695nam a22002057a 450000500170000002000180001703700080003510000290004324500980007226000370017027000300020730000300023749000230026770000270029070000300031770000270034794200170037499900170039195200810040820111227164049.0 a9780431932859 bPUB aBarraclough, Sue 937721 aPlants /cby Sue Barrachlough; edited by Sarah Shannon, Catherine Clarke (and) Laura Knowles  aLondon bHeinemann Libraryc2009 a7 Pilgrim StreetbLondon  a32p. c23cm(Hb) bphotos  aInvestigate937722 a Shannon, Sarah937712 a Clarke, Catherine937713 a Knowles, Laura937714 2ddccCHmBAR c60043d60043 0010407-1aAGbAGd2011-12-27l0oBARr2011-12-27 00:00:00w2011-12-27yCH